Statistics for US states on a map

Click here to take the quiz!

General Stats

  • This quiz has been taken 37 times
  • The average score is 43 of 50

Answers on the Map

Answers color-coded by a green-red scale on the quiz's map according to % correct below.
 

Answer Stats

Answer% Correct
Alaska
100%
California
100%
Florida
100%
Texas
100%
Washington
100%
Maine
96%
Michigan
96%
Utah
96%
Alabama
92%
Arizona
92%
Hawaii
92%
Nevada
92%
New Mexico
92%
New York
92%
Wisconsin
92%
Georgia
88%
Idaho
88%
Louisiana
88%
Missouri
88%
North Dakota
88%
Ohio
88%
South Dakota
88%
Arkansas
84%
Illinois
84%
Kansas
84%
Kentucky
84%
Minnesota
84%
Mississippi
84%
Montana
84%
New Jersey
84%
North Carolina
84%
Oregon
84%
South Carolina
84%
Tennessee
84%
Virginia
84%
Wyoming
84%
Connecticut
80%
Indiana
80%
Iowa
80%
Rhode Island
80%
West Virginia
80%
Colorado
76%
Delaware
76%
New Hampshire
76%
Massachusetts
72%
Nebraska
72%
Oklahoma
72%
Vermont
72%
Maryland
68%
Pennsylvania
68%

Score Distribution

Percentile by Number Answered

Percent of People with Each Score

Your Score History

You have not taken this quiz